000 00690nam a2200265Ia 4500
005 20260121170856.0
008 008 260114s9999 xx 000 0 eng d
020 _a9789811318139
037 _aEBOOK
040 _aCRL
040 _beng
040 _cCRL
041 _2eng
041 _aeng
084 _qCRL
100 _aMayank Singh, P. K. Gupta, Vipin Tyagi, Jan Flusser, Tuncer Ă–ren
_91069245
245 0 _aAdvances in Computing and Data Sciences
260 _bSpringer
260 _bSpringer
260 _c2018
856 _uhttps://link.springer.com/openurl?genre=book&isbn=978-981-13-1813-9
942 _cEBOOK
999 _c1634975
_d1634975